Loading...
| Current Events | 2 | 20.00 | 50% | 100% | 50% |
| Fine Arts - Classical Music | 3 | 16.67 | 100% | 67% | 0% |
| Fine Arts - Other | 5 | 18.00 | 100% | 40% | 40% |
| Fine Arts - Painting and Sculpture | 9 | 11.11 | 89% | 22% | 0% |
| Geography | 3 | 26.67 | 100% | 100% | 67% |
| History - American | 3 | 10.00 | 100% | 0% | 0% |
| History - European | 5 | 14.00 | 100% | 40% | 0% |
| History - Other | 5 | 16.00 | 100% | 40% | 20% |
| History - World | 3 | 13.33 | 100% | 33% | 0% |
| Literature - American | 7 | 14.29 | 100% | 29% | 14% |
| Literature - British | 4 | 15.00 | 75% | 50% | 25% |
| Literature - European | 7 | 17.14 | 100% | 57% | 14% |
| Literature - World | 6 | 20.00 | 100% | 100% | 0% |
| Mythology | 8 | 21.25 | 100% | 75% | 38% |
| Philosophy | 4 | 10.00 | 75% | 25% | 0% |
| Pop Culture | 1 | 30.00 | 100% | 100% | 100% |
| Religion | 6 | 16.67 | 100% | 67% | 0% |
| Science - Biology | 4 | 15.00 | 100% | 50% | 0% |
| Science - Chemistry | 2 | 10.00 | 100% | 0% | 0% |
| Science - Other | 2 | 5.00 | 50% | 0% | 0% |
| Science - Physics | 8 | 11.25 | 88% | 25% | 0% |
| Social Science | 6 | 13.33 | 100% | 33% | 0% |